Asian Countries with NO Camels - Statistics

General Stats
  • This quiz has been taken 62 times
  • The average score is 22 of 23
Answer Stats
Country % Correct
Bhutan
100%
Nepal
100%
North Korea
100%
Cambodia
98%
Japan
98%
Singapore
98%
South Korea
98%
East Timor
97%
Indonesia
97%
Laos
97%
Maldives
97%
Myanmar
97%
Taiwan
97%
Brunei
95%
Malaysia
95%
Philippines
93%
Sri Lanka
93%
Thailand
93%
Vietnam
93%
Armenia
90%
Georgia
90%
Bangladesh
88%
Cyprus
79%
No matching quizzes found
Score Distribution
Percent of People with Each Score
Percentile by Number Answered
Your Score History
You have not taken this quiz